| 000 | 00698cam a2200241 4500 | ||
|---|---|---|---|
| 001 | J109783 | ||
| 008 | 000000n1999 000 0 eng u | ||
| 035 | _a(Sirsi) u109783 | ||
| 050 | _a333.007 | ||
| 110 |
_aRoyal Institution of Chartered Surveyors _94900 |
||
| 245 | _aInvesting in futures the Education Task Force final report July 1999. | ||
| 260 |
_aLondon _bRICS _c1999 |
||
| 300 | _a21p. ; 30cm. | ||
| 650 | _aAGENDA FOR CHANGE | ||
| 650 | _aSURVEYING COURSES | ||
| 650 |
_aAPC _96216 |
||
| 650 | _aCPD | ||
| 650 | _aCONTINUING PROFESSIONAL DEVELOPMENT | ||
| 650 | _aSURVEYING | ||
| 650 | _aPROFESSIONAL DEVELOPMENT | ||
| 690 | _aCAREERS, EDUCATION AND TRAINING | ||
| 942 | _n0 | ||
| 999 |
_c100979 _d100979 |
||